000 00385nam a2200157Ia 4500
008 240729s9999 xx 000 0 und d
022 _a1648-9144
245 0 _aMedicina
260 _aSwitzerland
260 _bMDPI AG
650 _a Medicine (General)
650 _aMedicine
856 _uhttps://doaj.org/toc/3bf5928fcb3d44c492838cf16253d5bd
942 _2ddc
942 _cDOAJEJ
999 _c72445
_d72445
945 _a1
_bMadushi Gamage
_c1
_dMadushi Gamage